[Event "Azuqueca de Henares op 2nd"]
[Site "Azuqueca de Henares"]
[Date "2014.09.14"]
[Round "2"]
[White "Barrantes Munoz, Hugo Pedro"]
[Black "Moreno Ruiz, Javier"]
[Result "0-1"]
[WhiteElo "2275"]
[BlackElo "2475"]
[PlyCount "52"]
[EventDate "2014.09.13"]
[EventType "swiss"]
[EventRounds "9"]
[EventCountry "ESP"]
[SourceTitle "CBM 162 Extra"]
[Source "ChessBase"]
[SourceDate "2014.10.17"]
[SourceVersion "1"]
[SourceVersionDate "2014.10.17"]
[SourceQuality "1"]

1. d4 Nf6 2. c4 g6 3. f3 Bg7 4. e4 d6 5. Nc3 0-0 6. Be3 c5 7. Nge2 Nc6 8. d5 Ne5 9. Ng3 e6 10. Be2 exd5 11. cxd5 a6 12. a4 h5 13. 0-0 Nh7 14. Qd2 Re8 15. Rab1 Qa5 16. b4 cxb4 17. Na2 Qxa4 18. Rxb4 Qd7 19. Rc1 b5 20. f4 Ng4 21. Bxg4 hxg4 22. Bb6 a5 23. Rbb1 b4 24. Qf2 Nf6 25. Rc7 Qa4 26. Re1 Bd7 0-1

[Event "Leon Champions League"]
[Site "Leon"]
[Date "2011.12.18"]
[Round "6"]
[White "Barrantes Munoz, Hugo Pedro"]
[Black "Granda Zuniga, Julio E"]
[Result "0-1"]
[WhiteElo "2205"]
[BlackElo "2636"]
[PlyCount "70"]
[EventDate "2011.12.16"]
[EventType "team-tourn"]
[EventRounds "9"]
[EventCountry "ESP"]
[SourceTitle "CBM 145 Extra"]
[Source "ChessBase"]
[SourceDate "2012.01.03"]
[SourceVersion "1"]
[SourceVersionDate "2012.01.03"]
[SourceQuality "1"]
[WhiteTeam "Team 7"]
[BlackTeam "Maestros"]
[WhiteTeamCountry "ESP"]
[BlackTeamCountry "ESP"]

1. Nf3 d5 2. c4 d4 3. b4 c5 4. Bb2 f6 5. d3 e5 6. bxc5 Bxc5 7. g3 Ne7 8. Bg2 Nbc6 9. 0-0 0-0 10. Ba3 Bxa3 11. Nxa3 Be6 12. Qa4 a6 13. Nc2 Qc7 14. Qa3 b5 15. Nd2 bxc4 16. dxc4 Rab8 17. Rab1 Bf5 18. Be4 Qa5 19. Qxa5 Nxa5 20. Bxf5 Nxf5 21. Nb4 Rfc8 22. Rfc1 Ne7 23. c5 Kf7 24. Ne4 Ke6 25. Nd6 Rd8 26. Nxa6 Rxb1 27. Rxb1 Nd5 28. Rb5 Nc6 29. Rb7 Rd7 30. Rb2 Ra7 31. Nb8 Nxb8 32. Rxb8 Rxa2 33. f4 Rxe2 34. f5+ Kd7 35. Nc4 d3 0-1

[Event "Seville op 34th"]
[Site "Seville"]
[Date "2009.01.25"]
[Round "3"]
[White "Barrantes Munoz, Hugo Pedro"]
[Black "Strikovic, Aleksa"]
[Result "0-1"]
[WhiteElo "2217"]
[BlackElo "2533"]
[PlyCount "58"]
[EventDate "2009.01.23"]
[EventType "swiss"]
[EventRounds "9"]
[EventCountry "ESP"]
[SourceTitle "CBM 128 Extra"]
[Source "ChessBase"]
[SourceDate "2009.03.05"]
[SourceVersion "2"]
[SourceVersionDate "2009.03.25"]
[SourceQuality "1"]

1. d4 d6 2. Nf3 g6 3. c4 Bg7 4. Nc3 Nf6 5. e4 0-0 6. h3 Nbd7 7. Be3 e5 8. d5 Nc5 9. Nd2 a5 10. g4 c6 11. Be2 Bd7 12. g5 Ne8 13. h4 f5 14. f3 Nc7 15. b3 Qe7 16. a3 Rfc8 17. Rb1 cxd5 18. cxd5 b5 19. Bxc5 dxc5 20. a4 b4 21. Na2 Rf8 22. Nc4 Qd8 23. Nc1 fxe4 24. fxe4 Rf4 25. Nd2 h6 26. Nd3 hxg5 27. Nxf4 exf4 28. Bg4 Bc3 29. h5 Qe7 0-1

[Event "Coria del Rio op 13th"]
[Site "Coria del Rio"]
[Date "2007.02.28"]
[Round "9"]
[White "Barrantes Munoz, Hugo Pedro"]
[Black "Kononenko, Tatiana"]
[Result "0-1"]
[WhiteElo "2163"]
[BlackElo "2379"]
[PlyCount "102"]
[EventDate "2007.02.20"]
[EventType "swiss"]
[EventRounds "9"]
[EventCountry "ESP"]
[SourceTitle "CBM 117 Extra"]
[Source "ChessBase"]
[SourceDate "2007.05.09"]
[SourceVersion "1"]
[SourceVersionDate "2007.05.09"]
[SourceQuality "1"]

1. d4 d5 2. Bg5 h6 3. Bh4 c6 4. Nf3 Qb6 5. Qc1 Bf5 6. e3 e6 7. c4 Be7 8. Bg3 Nf6 9. Nc3 Nbd7 10. Be2 0-0 11. c5 Qd8 12. b4 Nh5 13. b5 Nxg3 14. hxg3 e5 15. 0-0 e4 16. Nd2 Qc7 17. bxc6 bxc6 18. Rb1 g6 19. Qa3 h5 20. Qa6 Rab8 21. Bb5 cxb5 22. Nxd5 Qd8 23. c6 Nb6 24. c7 Qxd5 25. Rxb5 Qb7 26. cxb8Q Qxb8 27. Rfb1 Bc8 28. Qa5 Bd7 29. R5b2 Qc7 30. Nc4 Qxc4 31. Qxa7 Bd8 32. Rxb6 Bxb6 33. Rxb6 Be6 34. a4 Qc1+ 35. Kh2 Qc2 36. Rb8 Qxf2 37. d5 Bf5 38. Rxf8+ Kxf8 39. Qd4 Kg8 40. d6 h4 41. gxh4 Qxh4+ 42. Kg1 Qe1+ 43. Kh2 Qh4+ 44. Kg1 Qe1+ 45. Kh2 Qa5 46. Kg3 Bd7 47. Qxe4 Qxa4 48. Qb7 Qg4+ 49. Kf2 Qf5+ 50. Ke1 Qa5+ 51. Kf2 Qd2+ 0-1

[Event "Coria del Rio op 13th"]
[Site "Coria del Rio"]
[Date "2007.02.26"]
[Round "6"]
[White "Spraggett, Kevin"]
[Black "Barrantes Munoz, Hugo Pedro"]
[Result "1-0"]
[WhiteElo "2633"]
[BlackElo "2163"]
[PlyCount "77"]
[EventDate "2007.02.20"]
[EventType "swiss"]
[EventRounds "9"]
[EventCountry "ESP"]
[SourceTitle "CBM 117 Extra"]
[Source "ChessBase"]
[SourceDate "2007.05.09"]
[SourceVersion "1"]
[SourceVersionDate "2007.05.09"]
[SourceQuality "1"]

1. e4 c5 2. Nf3 d6 3. d4 cxd4 4. Nxd4 Nf6 5. Nc3 Nc6 6. Bg5 e6 7. Qd2 a6 8. 0-0-0 Bd7 9. f3 Rc8 10. Kb1 Be7 11. Be3 Ne5 12. g4 b5 13. g5 Nh5 14. a3 g6 15. Rg1 Nc4 16. Bxc4 Rxc4 17. Nde2 0-0 18. Nf4 Nxf4 19. Bxf4 Rc6 20. h4 Qc7 21. h5 Rc8 22. Qh2 Bf8 23. Rd3 Be8 24. hxg6 fxg6 25. Rgd1 Qf7 26. Bxd6 Bxd6 27. Rxd6 Qxf3 28. R6d3 Qf7 29. Rh3 a5 30. Rh1 R8c7 31. Qe5 Rc5 32. Nd5 exd5 33. Rxh7 Qxh7 34. Qxe8+ Kg7 35. Rxh7+ Kxh7 36. e5 Rg7 37. Qa8 b4 38. e6 Rcc7 39. a4 1-0

[Event "Las Palmas op"]
[Site "Las Palmas"]
[Date "2005.11.26"]
[Round "2.27"]
[White "Barrantes Munoz, Hugo Pedro"]
[Black "Espinola Martin, Maria del Cristo"]
[Result "0-1"]
[WhiteElo "2166"]
[BlackElo "2047"]
[PlyCount "88"]
[EventDate "2005.11.25"]
[EventType "swiss"]
[EventRounds "9"]
[EventCountry "ESP"]
[SourceTitle "CBM 109 Extra"]
[Source "ChessBase"]
[SourceDate "2006.01.03"]
[SourceVersion "2"]
[SourceVersionDate "2006.01.03"]
[SourceQuality "1"]

1. d4 Nf6 2. c4 c5 3. d5 e6 4. Nc3 exd5 5. cxd5 d6 6. Nf3 g6 7. Bf4 Bg7 8. Qa4+ Bd7 9. Qb3 Qc7 10. e4 0-0 11. Nd2 Re8 12. Be2 a6 13. a4 Bc8 14. Qc2 Nbd7 15. Nc4 Ne5 16. Bxe5 dxe5 17. 0-0 b6 18. Rfb1 Rb8 19. Ne3 Nd7 20. Qd1 Bf8 21. Qf1 Ra8 22. Rc1 Bb7 23. Ra3 Nf6 24. Nc4 Rab8 25. Rb3 Bc8 26. Ne3 Ra8 27. Rd1 Rd8 28. h3 Ne8 29. d6 Nxd6 30. Ned5 Qa7 31. Rxb6 Kh8 32. a5 Be6 33. Rxa6 Qb7 34. Rb6 Qa7 35. a6 c4 36. Bxc4 Nxc4 37. Qxc4 Qxb6 38. Nxb6 Bxc4 39. Nxc4 Rxd1+ 40. Nxd1 Rxa6 41. Nde3 f6 42. Nd5 Kg7 43. b4 Ra1+ 44. Kh2 Rb1 0-1

[Event "Las Palmas op"]
[Site "Las Palmas"]
[Date "2005.11.26"]
[Round "3.37"]
[White "Iglesias Dominguez, Jacinto"]
[Black "Barrantes Munoz, Hugo Pedro"]
[Result "0-1"]
[WhiteElo "1909"]
[BlackElo "2166"]
[PlyCount "70"]
[EventDate "2005.11.25"]
[EventType "swiss"]
[EventRounds "9"]
[EventCountry "ESP"]
[SourceTitle "CBM 109 Extra"]
[Source "ChessBase"]
[SourceDate "2006.01.03"]
[SourceVersion "2"]
[SourceVersionDate "2006.01.03"]
[SourceQuality "1"]

1. Nf3 c5 2. g3 g6 3. Bg2 Bg7 4. 0-0 Nc6 5. e3 Nf6 6. c4 0-0 7. d4 cxd4 8. exd4 d5 9. cxd5 Nxd5 10. Nc3 Nxc3 11. bxc3 Be6 12. Re1 Rc8 13. Bd2 h6 14. Qa4 Bd5 15. Qd1 e6 16. a4 b6 17. Re3 Qc7 18. Rc1 Na5 19. Ne5 Bb3 20. Qe1 Bxa4 21. c4 Nb3 22. Rxb3 Bxb3 23. Bf1 Ba4 24. Ng4 h5 25. Ne5 Bc6 26. Bf4 Qb7 27. Nxc6 Qxc6 28. Bg2 Qa4 29. Qc3 Rfd8 30. Be3 Rd7 31. Qd3 Rcd8 32. Rd1 Rxd4 33. Bxd4 Rxd4 34. Qxd4 Bxd4 35. Rxd4 Qa1+ 0-1

[Event "Seville op 24th"]
[Site "Seville"]
[Date "1999.??.??"]
[Round "2"]
[White "Barrantes Munoz, Hugo Pedro"]
[Black "Komljenovic, Davorin"]
[Result "0-1"]
[WhiteElo "2070"]
[BlackElo "2480"]
[PlyCount "67"]
[EventDate "1999.01.??"]
[EventType "swiss"]
[EventRounds "9"]
[EventCountry "ESP"]
[SourceTitle "EXT 2000"]
[Source "ChessBase"]
[SourceDate "1999.11.16"]
[SourceVersion "1"]
[SourceVersionDate "1999.11.16"]
[SourceQuality "1"]

1. e4 c6 2. d4 d5 3. exd5 cxd5 4. c4 Nf6 5. Nc3 e6 6. Nf3 Nc6 7. c5 b6 8. Bb5 Bd7 9. Bxc6 Bxc6 10. Ne5 Qc8 11. b4 bxc5 12. dxc5 Nd7 13. Nxd7 Qxd7 14. a4 d4 15. Ne2 d3 16. Nf4 Qd4 17. Rb1 Rd8 18. Be3 Qe4 19. Qd2 Bxa4 20. Ra1 e5 21. f3 Qc6 22. Nh3 a6 23. 0-0 Bb5 24. Ng5 Be7 25. Rfe1 0-0 26. Qc3 Qd5 27. Bd2 f6 28. Ne4 Rfe8 29. Qa3 Qf7 30. Qa5 Bf8 31. Rac1 Qb7 32. Kh1 Rd7 33. Qa2+ Kh8 34. Qb3 0-1